Logo na Z - Statystyki

Ogólne statystyki
  • Ten quiz został rozwiązany 24 razy
  • Średni wynik to 7 z 16
Statystyki odpowiedzi
Obrazkowy Hint Odpowiedź % Poprawnych
Kosmetyki Ziaja
100%
Sklep internetowy Zalando
95%
Odzież Zara
86%
Instytucja Zakład Ubezpieczeń Społecznych
76%
Nabiał Zott
67%
Napoje Zbyszko
62%
Komunikator Zoom
48%
Siłownia/Fitness Zdrofit
43%
Restauracja Zahir Kebab
33%
Akcesoria Zippo
33%
Sklep zoologiczny Zooplus
29%
Farmacuetyka Zdrovit
24%
Sprzęt optyczny Zeiss
14%
Strona internetowa Znany Lekarz
14%
Mięso Zbyszko
10%
Strona internetowa Zrzutka
10%
Nie znaleziono quizów pasujących do podanych kryteriów
Rozkład punktacji
Procent ludzi z każdym wynikiem
Percentyl według liczby udzielonych odpowiedzi
Twoja historia wyników
Nie rozwiązałeś tego quizu